| 000 | 00876cab a2200325 4500 | ||
|---|---|---|---|
| 001 | ABS56566 | ||
| 008 | 090401t1997 xxu||||| |||| 00| 0 eng d | ||
| 035 | _a(Sirsi) u24576 | ||
| 041 | _aeng | ||
| 245 | _aLondon and south-east: Berkshire | ||
| 260 | _c1997 | ||
| 350 | _a0 | ||
| 490 |
_aProperty Week _v58(7) 21 February 1997, 38-56(8) |
||
| 650 | _aBERKSHIRE | ||
| 650 | _aBRACKNELL | ||
| 650 | _aFENCHURCH ESTATES | ||
| 650 | _aHOUSING DEVELOPMENT | ||
| 650 | _aMAIDENHEAD | ||
| 650 | _aNEWBURY | ||
| 650 | _aPROPERTY-COMMERCIAL PROPERTY-OFFICE PROPERTY-OFFICE PROPERTY MARKET | ||
| 650 | _aOUT OF TOWN DEVELOPMENT | ||
| 650 | _aREADING | ||
| 650 | _aSLOUGH | ||
| 650 | _aTRANSPORT ISSUES | ||
| 650 | _aWINDSOR | ||
| 650 | _aWOKINGHAM | ||
| 690 | _aPROPERTY-COMMERCIAL PROPERTY-COMMERCIAL PROPERTY MARKET | ||
| 942 | _n0 | ||
| 948 | _c04/03/1997 | ||
| 999 |
_c16486 _d16486 |
||